000 00524nam a2200169Ia 4500
999 _c22711
_d22711
003 OSt
005 20200215115620.0
008 190216s9999||||xx |||||||||||||| ||und||
020 _a9788182710641
040 _coclc
082 _a956.94
_bASS/F
100 _aAssuwaidan, Twariq Muhammed
_92028
245 0 _aFalasteen Sampoorna Charithram /
_cTwariq Muhammed Assuwaidan
260 _bIslamic Publishing House,
_a2004.
_cKozhikode:
300 _a366p
942 _cBK
_2ddc
_h956.94
_iASS/F
_k956.94
_mASS/F